NBA Top 15 All-Time Scorers: Asian Edition! - Statistics

General Stats
  • This quiz has been taken 88 times
    21 since last reset
  • The average score is 4 of 15
Answer Stats
# Player Points Country % Correct
3 Yao Ming 9,247 China
100%
1 Jordan Clarkson 12,448 Phillipines
70%
7 Rui Hachimura 4,714 Japan
70%
5 Deni Avdija 5,138 Israel
55%
11 Yuta Watanabe 895 Japan
20%
6 Kyle Anderson 4,996 China
15%
10 Yi Jianlian 2,148 China
15%
2 Rony Seikaly 9,991 Lebanon
10%
8 Omri Casspi 4,642 Israel
5%
4 Andray Blatche 5,706 Phillipines
0%
9 Jarvis Hayes 3,553 Qatar
0%
14 Loren Woods 555 Lebanon
0%
12 Raymond Townsend 745 Phillipines
0%
15 T. J. Leaf 477 Israel
0%
13 Wang Zhizhi 604 China
0%
No matching quizzes found
Score Distribution
Percent of People with Each Score
Percentile by Number Answered
Your Score History
You have not taken this quiz since the last reset